000 00423nam a2200121Ia 4500
008 220620s9999||||xx |||||||||||||| ||und||
245 0 _aAdvanced Catalytic Materials
_bPhotocatalysis and Other Current Trends
546 _aEnglish[eng]
650 _aSolid state chemistry
700 _aEnrique Norena, Luis||Wang, Jin-An
856 _uhttps://mts.intechopen.com/storage/books/5072/authors_book/authors_book.pdf
942 _cEB
999 _c32456
_d32456